000
00230nam a22000857a 4500
008
160712b xxu||||| |||| 00| 0 eng d
100
_9
2680
_a
Engstrom, T.W., et al
245
_a
Managing Your Time
260
_a
Michigan
_b
Zondervan
_c
1975
999
_c
2330
_d
2330